000 00747nam a22002537a 4500
005 20220712094256.0
008 220712b ||||| |||| 00| 0 eng d
020 _a0140523618
040 _cAL
041 _aEnglish
082 _223
_a336.363
_bLEVD
100 _aHarold Lever and others
_948162
245 _aDebt and Danger: The World Financial Crisis
260 _aHarmondsworth
_bPenguin Books Ltd
_c1985
300 _a160 p.
_bPB
_c20x13 cm.
650 _aDebts, External
_948163
650 _aDeveloping countries
_948164
650 _aPayment
_948165
650 _aInternational finance
_948166
650 _aEconomic history
_948167
700 _aLEVER (Harold)
_948168
700 _aHUHNE (Christopher)
_948169
942 _2ddc
_cGF
999 _c223697
_d223697